000 00334nam a22001337a 4500
008 180914b xxu||||| |||| 00| 0 eng d
020 _a9780802067746
041 _aeng
080 _a321
100 _a21
101 _aPOL
245 _aPatrons Clients Brokers Onyario Society And Politics
_cNoels.S.J.R
942 _2udc
_cBK
999 _c47805
_d47805